Devine le pays avec une description grossière - Statistiques

Statistiques générales
  • Ce quiz a été pris 216 fois
  • Le résultat moyen est 10 sur 10
Statistiques - réponses
Descriptions Réponses % Correct
Grand pays, amateur de vodka, avec un ours dans ses armoiries et un climat souvent froid. Russie
100%
Pays des kangourous et des koalas, qui est également un continent. Beaucoup de déserts et un opéra célèbre à Sydney. Australie
99%
Petit pays célèbre pour ses frites, son chocolat, et le Manneken Pis. Centre de nombreuses institutions européennes. Belgique
99%
Connue pour ses pyramides et le Nil. Une des civilisations les plus anciennes du monde. Egypte
99%
Pays de l'amour, de la mode, et des baguettes. Famed pour Paris, la ville romantique, et la Tour Eiffel. France
99%
Pays du sushi, des samouraïs, des cerisiers en fleurs, des trains à grande vitesse et de la technologie avancée. Japon
99%
Connue pour ses montres, ses banques, son chocolat, et le couteau suisse. Elle a quatre langues officielles. Suisse
99%
Pays célèbre pour son carnaval haut en couleur, sa musique entraînante et son amour du football. Ce pays est aussi renommé pour ses plages à couper le souffle et son immense statue du Christ les bras ouverts. Brésil
97%
Pays du thé, des files d'attente et des discussions sur la météo. Inventeur du football mais pas très chanceux en compétitions. Royaume-Uni
96%
Ce pays est notoire pour ses innovations technologiques et sa grande efficacité. Les voitures et les machines de précision sont des produits d'exportation clés. Il est également réputé pour ses châteaux de conte de fées et ses festivals de bière Allemagne
92%
Aucun quiz correspondant
Distribution des résultats
% des personnes avec chaque résultat
Percentile par nombre de réponses
Votre historique - résultats
Vous n’avez pas pris ce quiz